|
|
|
|
| LEADER |
00000nam2a2200000 4500 |
| 001 |
155511 |
| 005 |
20231031152450.0 |
| 010 |
|
|
|a 5280013749
|
| 035 |
|
|
|a (RuTPU)RU\TPU\book\168689
|
| 090 |
|
|
|a 155511
|
| 100 |
|
|
|a 20090316d1991 de y0rusy5003 ca
|
| 101 |
1 |
|
|a rus
|c swe
|
| 102 |
|
|
|a RU
|
| 105 |
|
|
|a a z 001ay
|
| 200 |
0 |
|
|a Т. 2
|a Удивительное путешествие Нильса Хольгерссона с дикими гусями по Швеции. Сказки
|f авт. примечаний Н. Белякова
|
| 210 |
|
|
|d 1991
|
| 215 |
|
|
|a 554 с.
|c ил.
|
| 320 |
|
|
|a Примечания: с. 539-541
|
| 461 |
|
1 |
|0 (RuTPU)RU\TPU\book\170697
|y 5-280-01373-0
|t Собрание сочинений
|o в 4 т.
|o пер. с швед.
|f С. Лагерлёф
|g сост. Л. Ю. Брауде
|v Т. 2: Удивительное путешествие Нильса Хольгерссона с дикими гусями по Швеции. Сказки
|d 1991-
|
| 464 |
|
|
|t Подменыш; Черстин Старшая и Черстин Меньшая; Вермландское предание
|o сказки
|
| 610 |
1 |
|
|a шведская литература
|
| 610 |
1 |
|
|a сказки
|
| 675 |
|
|
|a 839.7/89
|z rus
|v 3
|
| 702 |
|
1 |
|a Белякова
|b Н.
|4 080
|
| 801 |
|
0 |
|a RU
|b RuMRKP
|c 19950417
|g psbo
|
| 801 |
|
1 |
|a RU
|b 63413507
|c 20090316
|g PSBO
|
| 801 |
|
2 |
|a RU
|b 63413507
|c 20160310
|g PSBO
|
| 942 |
|
|
|c BK
|